[Event "XIV American Continental-ch 2019"]
[Site "Sao Paulo"]
[Date "2019.07.07"]
[Round "4.21"]
[White "Bueno, Alfeu Junior Varela"]
[Black "Perdomo, Leandro"]
[Result "1-0"]
[WhiteElo "2169"]
[BlackElo "2468"]
[Annotator "ChessBase"]
[PlyCount "83"]
[EventDate "2019.07.05"]
[EventType "swiss"]
[EventCountry "BRA"]
[SourceTitle "playchess.com"]
[Source "ChessBase"]
[SourceQuality "1"]
[TimeControl "40/5400+30:1800+30"]

1. e4 {[%emt 0:05:28]} e5 {[%emt 0:00:01]} 2. Nf3 {[%emt 0:00:23]} Nc6 {[%emt 0:00:03]} 3. Bc4 {[%emt 0:00:10]} Nf6 {[%emt 0:00:03]} 4. d3 {[%emt 0:02:02]} Be7 {[%emt 0:00:02]} 5. O-O {[%emt 0:01:47]} O-O {[%emt 0:00:04]} 6. Re1 {[%emt 0:04:55]} d6 {[%emt 0:00:08]} 7. h3 {[%emt 0:01:05]} Na5 {[%emt 0:00:33]} 8. Bb3 {[%emt 0:00:20]} c6 {[%emt 0:07:38]} 9. Nc3 {[%emt 0:09:43]} Qc7 {[%emt 0:03:06]} 10. Bg5 {[%emt 0:03:07]} Re8 {[%emt 0:16:51]} 11. d4 {[%emt 0:09:03]} b5 12. Qd3 a6 {[%emt 0:18:39]} 13. dxe5 {[%emt 0:22:23]} dxe5 {[%emt 0:00:09]} 14. Rad1 {[%emt 0:04:48]} Nb7 15. Qe3 Bc5 {[%emt 0:24:12]} 16. Qe2 {[%emt 0:06:22]} Qe7 {[%emt 0:01:21]} 17. Nh4 {[%emt 0:07:53]} a5 {[%emt 0:13:56]} 18. a3 {[%emt 0:00:30]} a4 {[%emt 0:00:30]} 19. Ba2 {[%emt 0:00:30]} Be6 {[%emt 0:00:30]} 20. Nf5 {[%emt 0:00:30]} Bxf5 {[%emt 0:00:30]} 21. exf5 Nd6 22. Qf3 {[%emt 0:12:38]} b4 {[%emt 0:10:22]} 23. Ne4 {[%emt 0:05:41]} Ndxe4 {[%emt 0:00:11]} 24. Rxe4 {[%emt 0:00:05]} bxa3 {[%emt 0:00:52]} 25. bxa3 {[%emt 0:00:47]} Bxf2+ {[%emt 0:01:58]} 26. Kh1 {[%emt 0:00:04]} Bb6 {[%emt 0:00:37]} 27. Rg4 {[%emt 0:01:49]} e4 {[%emt 0:00:13]} 28. Qc3 {[%emt 0:00:40]} Nxg4 {[%emt 0:00:42]} 29. Bxe7 {[%emt 0:00:15]} Nf2+ {[%emt 0:00:01]} 30. Kh2 {[%emt 0:00:16]} Nxd1 {[%emt 0:00:04]} 31. Qxc6 {[%emt 0:00:36]} e3 {[%emt 0:01:40]} 32. Bxf7+ {[%emt 0:00:19]} Kh8 33. Bxe8 {[%emt 0:01:18]} e2 {[%emt 0:00:22]} 34. Bb4 {[%emt 0:00:45]} Rd8 {[%emt 0:00:41]} 35. f6 {[%emt 0:00:35]} Ne3 {[%emt 0:00:30]} 36. fxg7+ {[%emt 0:00:36]} Kxg7 {[%emt 0:00:15]} 37. Bc3+ {[%emt 0:00:19]} Kf8 {[%emt 0:00:15]} 38. Qxb6 {[%emt 0:00:28]} Nf1+ {[%emt 0:00:33]} 39. Kg1 {[%emt 0:00:15]} Rd1 {[%emt 0:01:23]} 40. Qf2+ {[%emt 0:00:30]} Kxe8 {[%emt 0:00:18]} 41. Qxe2+ {[%emt 0:30:11]} Ne3+ {[%emt 0:30:03]} 42. Kh2 {[%emt 0:00:28]} 1-0

[Event "XIV American Continental-ch 2019"]
[Site "Sao Paulo"]
[Date "2019.07.07"]
[Round "4.22"]
[White "Borges, Wagner da Silva"]
[Black "Matsuura, Everaldo"]
[Result "0-1"]
[WhiteElo "2114"]
[BlackElo "2459"]
[Annotator "ChessBase"]
[PlyCount "56"]
[EventDate "2019.07.05"]
[EventType "swiss"]
[EventCountry "BRA"]
[SourceTitle "playchess.com"]
[Source "ChessBase"]
[SourceQuality "1"]
[TimeControl "40/5400+30:1800+30"]

1. e4 {[%emt 0:00:01]} c5 {[%emt 0:00:05]} 2. Nf3 {[%emt 0:00:24]} Nc6 {[%emt 0:00:21]} 3. d4 {[%emt 0:00:29]} cxd4 {[%emt 0:00:12]} 4. Nxd4 {[%emt 0:00:19]} Nf6 {[%emt 0:02:02]} 5. Nc3 {[%emt 0:04:08]} e5 {[%emt 0:00:52]} 6. Ndb5 {[%emt 0:01:04]} d6 {[%emt 0:00:08]} 7. Bg5 {[%emt 0:01:02]} a6 {[%emt 0:00:07]} 8. Na3 {[%emt 0:00:28]} b5 {[%emt 0:00:08]} 9. Nd5 {[%emt 0:00:41]} Be7 {[%emt 0:00:08]} 10. Bxf6 {[%emt 0:01:27]} Bxf6 {[%emt 0:00:08]} 11. c3 {[%emt 0:01:03]} Bg5 {[%emt 0:00:32]} 12. Nc2 {[%emt 0:00:42]} O-O {[%emt 0:00:36]} 13. a4 {[%emt 0:05:09]} bxa4 {[%emt 0:00:17]} 14. Rxa4 {[%emt 0:00:13]} a5 {[%emt 0:00:12]} 15. Bd3 {[%emt 0:13:19]} Rb8 {[%emt 0:01:57]} 16. b4 {[%emt 0:06:00]} axb4 {[%emt 0:01:35]} 17. cxb4 {[%emt 0:01:53]} Be6 {[%emt 0:03:27]} 18. b5 {[%emt 0:07:19]} Na5 {[%emt 0:08:59]} 19. O-O {[%emt 0:07:42]} f5 {[%emt 0:12:50]} 20. Ncb4 {[%emt 0:01:17]} Bd7 {[%emt 0:12:14]} 21. Qa1 {[%emt 0:12:31]} fxe4 {[%emt 0:03:53]} 22. Na6 {[%emt 0:13:25]} Rc8 {[%emt 0:10:20]} 23. Bxe4 {[%emt 0:07:11]} Bxb5 {[%emt 0:01:33]} 24. Rxa5 {[%emt 0:00:45]} Bxf1 {[%emt 0:00:32]} 25. Nac7 {[%emt 0:00:15]} Bc4 {[%emt 0:10:36]} 26. f4 {[%emt 0:07:06]} Rxc7 {[%emt 0:01:42]} 27. Nxc7 {[%emt 0:01:12]} Qxc7 {[%emt 0:01:26]} 28. Ra8 {[%emt 0:00:57]} Bd8 {[%emt 0:03:18]} 0-1

[Event "XIV American Continental-ch 2019"]
[Site "Sao Paulo"]
[Date "2019.07.07"]
[Round "4.23"]
[White "Caetano, Ryan Wesley Da Costa"]
[Black "Sanchez Alvarez, Roberto Carlos"]
[Result "1/2-1/2"]
[WhiteElo "2155"]
[BlackElo "2434"]
[Annotator "NA"]
[PlyCount "47"]
[EventDate "2019.07.05"]
[EventType "swiss"]
[EventCountry "BRA"]
[SourceTitle "playchess.com"]
[Source "ChessBase"]
[SourceQuality "1"]
[TimeControl "40/5400+30:1800+30"]

1. d4 {[%emt 0:00:00]} Nf6 {[%emt 0:14:09]} 2. c4 {[%emt 0:00:00]} e6 {[%emt 0:00:10]} 3. Nc3 {[%emt 0:00:00]} Bb4 {[%emt 0:00:12]} 4. g3 {[%emt 0:00:00]} Bxc3+ {[%emt 0:04:00]} 5. bxc3 {[%emt 0:00:00]} d6 {[%emt 0:00:53]} 6. Bg2 {[%emt 0:00:04]} O-O {[%emt 0:00:16]} 7. Nf3 {[%emt 0:06:02]} Nc6 {[%emt 0:01:19]} 8. O-O {[%emt 0:00:23]} Rb8 {[%emt 0:02:35]} 9. Re1 {[%emt 0:05:11]} Na5 {[%emt 0:06:39]} 10. Nd2 {[%emt 0:04:19]} b6 {[%emt 0:00:43]} 11. e4 {[%emt 0:00:55]} Ba6 {[%emt 0:02:41]} 12. Bf1 {[%emt 0:01:44]} c5 {[%emt 0:08:00]} 13. f4 {[%emt 0:08:59]} e5 {[%emt 0:10:12]} 14. d5 {[%emt 0:03:32]} Kh8 {[%emt 0:06:46]} 15. Bd3 {[%emt 0:01:50]} exf4 {[%emt 0:02:57]} 16. gxf4 {[%emt 0:00:06]} Qd7 {[%emt 0:00:23]} 17. Kh1 {[%emt 0:08:12]} Qh3 {[%emt 0:11:27]} 18. Bf1 {[%emt 0:03:42]} Qh5 {[%emt 0:01:02]} 19. Be2 {[%emt 0:01:27]} Qh4 {[%emt 0:08:40]} 20. Nf3 {[%emt 0:04:06]} Qh3 {[%emt 0:01:01]} 21. Ng5 {[%emt 0:00:19]} Qh4 {[%emt 0:02:27]} 22. Nf3 {[%emt 0:02:56]} Qh3 {[%emt 0:02:19]} 23. Ng5 {[%emt 0:00:08]} Qh4 {[%emt 0:06:17]} 24. Nf3 {[%emt 0:00:09]} 1/2-1/2

[Event "XIV American Continental-ch 2019"]
[Site "Sao Paulo"]
[Date "2019.07.07"]
[Round "4.24"]
[White "Bittencourt, Jorge"]
[Black "Aguilar, Luis Miguel"]
[Result "1/2-1/2"]
[WhiteElo "2433"]
[BlackElo "2175"]
[Annotator "NA"]
[PlyCount "79"]
[EventDate "2019.07.05"]
[EventType "swiss"]
[EventCountry "BRA"]
[SourceTitle "playchess.com"]
[Source "ChessBase"]
[SourceQuality "1"]
[TimeControl "40/5400+30:1800+30"]

1. d4 {[%emt 0:00:00]} Nf6 {[%emt 0:03:26]} 2. c4 {[%emt 0:00:00]} c5 {[%emt 0:00:20]} 3. d5 {[%emt 0:00:00]} e6 {[%emt 0:00:16]} 4. Nc3 {[%emt 0:00:08]} exd5 {[%emt 0:00:33]} 5. cxd5 {[%emt 0:00:08]} d6 {[%emt 0:00:13]} 6. e4 {[%emt 0:00:20]} g6 {[%emt 0:00:13]} 7. Bd3 {[%emt 0:01:01]} Bg7 {[%emt 0:00:23]} 8. h3 {[%emt 0:00:13]} O-O {[%emt 0:00:16]} 9. Nf3 {[%emt 0:00:05]} b5 {[%emt 0:00:44]} 10. Nxb5 {[%emt 0:00:27]} Nxe4 {[%emt 0:01:39]} 11. Bxe4 {[%emt 0:00:22]} Re8 {[%emt 0:00:30]} 12. Ng5 {[%emt 0:01:18]} Qa5+ {[%emt 0:38:55]} 13. Nc3 {[%emt 0:00:12]} f5 {[%emt 0:09:20]} 14. O-O {[%emt 0:36:10]} Bxc3 {[%emt 0:12:02]} 15. bxc3 {[%emt 0:00:06]} fxe4 {[%emt 0:00:06]} 16. Re1 {[%emt 0:09:02]} Bf5 {[%emt 0:18:17]} 17. g4 {[%emt 0:18:07]} h6 {[%emt 0:00:47]} 18. gxf5 {[%emt 0:02:11]} hxg5 {[%emt 0:00:15]} 19. fxg6 {[%emt 0:02:01]} Qxc3 {[%emt 0:01:01]} 20. Qh5 {[%emt 0:02:20]} Qh8 {[%emt 0:06:09]} 21. Qxh8+ {[%emt 0:05:39]} Kxh8 {[%emt 0:00:05]} 22. Bxg5 {[%emt 0:00:26]} Kg7 {[%emt 0:03:35]} 23. Bf4 {[%emt 0:00:57]} Nd7 {[%emt 0:00:37]} 24. Bxd6 {[%emt 0:00:25]} Kxg6 {[%emt 0:00:50]} 25. Rac1 {[%emt 0:07:44]} Rac8 {[%emt 0:00:11]} 26. Rc4 {[%emt 0:00:42]} Kf5 {[%emt 0:01:43]} 27. f3 {[%emt 0:01:52]} exf3 {[%emt 0:00:31]} 28. Rf4+ {[%emt 0:00:07]} Kg5 {[%emt 0:00:25]} 29. Rxe8 {[%emt 0:00:32]} Rxe8 {[%emt 0:00:04]} 30. Rxf3 {[%emt 0:00:21]} Re1+ {[%emt 0:01:01]} 31. Kf2 {[%emt 0:00:40]} Rd1 {[%emt 0:00:05]} 32. Bf4+ {[%emt 0:01:04]} Kf5 {[%emt 0:00:33]} 33. d6 {[%emt 0:05:21]} Ne5 {[%emt 0:00:06]} 34. Bxe5+ {[%emt 0:00:10]} Kxe5 {[%emt 0:00:04]} 35. Ke2 {[%emt 0:03:03]} Rxd6 {[%emt 0:00:18]} 36. Re3+ {[%emt 0:00:23]} Kf4 {[%emt 0:00:58]} 37. Ra3 {[%emt 0:00:06]} a6 {[%emt 0:00:34]} 38. Ra5 {[%emt 0:00:30]} Kg3 {[%emt 0:01:20]} 39. Rxc5 {[%emt 0:00:15]} Kxh3 {[%emt 0:00:05]} 40. Rc3+ {[%emt 0:01:32]} 1/2-1/2

[Event "XIV American Continental-ch 2019"]
[Site "Sao Paulo"]
[Date "2019.07.08"]
[Round "5.1"]
[White "Fier, Alexandr"]
[Black "Pichot, Alan"]
[Result "0-1"]
[WhiteElo "2547"]
[BlackElo "2579"]
[Annotator "ChessBase"]
[PlyCount "118"]
[EventDate "2019.07.05"]
[EventType "swiss"]
[EventCountry "BRA"]
[SourceTitle "playchess.com"]
[Source "ChessBase"]
[SourceQuality "1"]
[TimeControl "40/5400+30:1800+30"]

1. d4 {[%emt 0:00:00]} Nf6 {[%emt 0:00:00]} 2. c4 {[%emt 0:00:00]} g6 {[%emt 0:00:00]} 3. g3 {[%emt 0:00:00]} Bg7 {[%emt 0:00:06]} 4. Bg2 {[%emt 0:00:00]} O-O {[%emt 0:00:15]} 5. Nc3 {[%emt 0:00:00]} d6 {[%emt 0:00:19]} 6. Nf3 {[%emt 0:00:00]} Nc6 {[%emt 0:00:13]} 7. O-O {[%emt 0:00:02]} e5 {[%emt 0:00:12]} 8. dxe5 {[%emt 0:00:04]} dxe5 {[%emt 0:00:12]} 9. Bg5 {[%emt 0:00:04]} Be6 {[%emt 0:00:10]} 10. Nd2 {[%emt 0:00:13]} Qc8 {[%emt 0:02:12]} 11. Nd5 {[%emt 0:02:13]} Nd7 {[%emt 0:00:59]} 12. b4 {[%emt 0:01:12]} h6 {[%emt 0:00:29]} 13. Be3 {[%emt 0:06:10]} Re8 {[%emt 0:04:10]} 14. Rc1 {[%emt 0:00:53]} f5 {[%emt 0:06:07]} 15. b5 {[%emt 0:05:06]} Nd8 {[%emt 0:03:08]} 16. Nb3 {[%emt 0:01:49]} c6 {[%emt 0:04:44]} 17. a4 {[%emt 0:08:33]} Bf7 {[%emt 0:02:04]} 18. Nc3 {[%emt 0:07:43]} e4 {[%emt 0:01:32]} 19. bxc6 {[%emt 0:09:11]} bxc6 {[%emt 0:01:17]} 20. Bd4 {[%emt 0:09:23]} Ne5 {[%emt 0:04:09]} 21. Nc5 {[%emt 0:05:54]} Ne6 {[%emt 0:01:51]} 22. Nxe6 {[%emt 0:00:06]} Qxe6 {[%emt 0:00:08]} 23. Qb3 {[%emt 0:05:47]} Rab8 {[%emt 0:05:38]} 24. Qa2 {[%emt 0:03:30]} Qxc4 {[%emt 0:01:55]} 25. Qxc4 {[%emt 0:00:11]} Nxc4 {[%emt 0:00:05]} 26. Bxg7 {[%emt 0:00:55]} Kxg7 {[%emt 0:00:05]} 27. Rfd1 {[%emt 0:00:10]} Red8 {[%emt 0:05:07]} 28. Rxd8 {[%emt 0:00:28]} Rxd8 {[%emt 0:00:07]} 29. f3 {[%emt 0:00:02]} exf3 {[%emt 0:00:28]} 30. Bxf3 {[%emt 0:00:22]} Ne5 {[%emt 0:00:16]} 31. Bg2 {[%emt 0:00:37]} Rd2 {[%emt 0:03:19]} 32. e4 {[%emt 0:02:17]} fxe4 {[%emt 0:02:42]} 33. Bxe4 {[%emt 0:02:55]} g5 {[%emt 0:03:30]} 34. h4 {[%emt 0:03:31]} gxh4 {[%emt 0:05:19]} 35. gxh4 {[%emt 0:00:04]} Bg6 {[%emt 0:00:16]} 36. Rb1 {[%emt 0:11:00]} Bxe4 {[%emt 0:10:52]} 37. Nxe4 {[%emt 0:00:30]} Rd4 {[%emt 0:00:07]} 38. Rb7+ {[%emt 0:03:14]} Kg6 {[%emt 0:00:05]} 39. Nc5 {[%emt 0:00:04]} Rc4 {[%emt 0:00:25]} 40. Nd7 {[%emt 0:00:33]} Nxd7 {[%emt 0:02:57]} 41. Rxd7 {[%emt 0:30:04]} a5 {[%emt 0:30:06]} 42. Rd6+ {[%emt 0:00:35]} Kh5 {[%emt 0:00:21]} 43. Kg2 {[%emt 0:00:02]} Rxh4 {[%emt 0:00:23]} 44. Rxc6 {[%emt 0:00:04]} Rxa4 {[%emt 0:00:05]} 45. Ra6 {[%emt 0:02:09]} Ra3 {[%emt 0:01:51]} 46. Ra8 {[%emt 0:00:12]} Kg4 {[%emt 0:01:12]} 47. Rg8+ {[%emt 0:00:08]} Kh4 {[%emt 0:00:07]} 48. Rc8 {[%emt 0:04:47]} Rg3+ {[%emt 0:05:34]} 49. Kf2 {[%emt 0:00:35]} h5 {[%emt 0:01:13]} 50. Rc4+ {[%emt 0:02:31]} Rg4 {[%emt 0:00:11]} 51. Rc5 {[%emt 0:00:03]} a4 {[%emt 0:00:45]} 52. Ra5 {[%emt 0:00:03]} Rb4 {[%emt 0:00:15]} 53. Kf3 {[%emt 0:01:44]} Rb3+ {[%emt 0:00:08]} 54. Kg2 {[%emt 0:00:02]} a3 {[%emt 0:01:10]} 55. Ra4+ {[%emt 0:00:07]} Kg5 {[%emt 0:00:04]} 56. Ra5+ {[%emt 0:00:03]} Kf4 {[%emt 0:00:39]} 57. Rxh5 {[%emt 0:01:28]} Rb2+ {[%emt 0:00:10]} 58. Kh3 {[%emt 0:00:06]} a2 {[%emt 0:00:05]} 59. Ra5 {[%emt 0:00:03]} Ke3 0-1

[Event "XIV American Continental-ch 2019"]
[Site "Sao Paulo"]
[Date "2019.07.08"]
[Round "5.2"]
[White "Iturrizaga Bonelli, Eduardo"]
[Black "Krysa, Leandro"]
[Result "1-0"]
[WhiteElo "2625"]
[BlackElo "2517"]
[Annotator "RC"]
[PlyCount "73"]
[EventDate "2019.07.05"]
[EventType "swiss"]
[EventCountry "BRA"]
[SourceTitle "playchess.com"]
[Source "ChessBase"]
[SourceQuality "1"]
[TimeControl "40/5400+30:1800+30"]

1. d4 {[%emt 0:03:09]} Nf6 {[%emt 0:00:00]} 2. c4 {[%emt 0:00:20]} g6 {[%emt 0:00:13]} 3. g3 {[%emt 0:00:33]} c6 {[%emt 0:01:19]} 4. Bg2 {[%emt 0:05:44]} d5 {[%emt 0:00:10]} 5. Nd2 {[%emt 0:02:01]} Bg7 {[%emt 0:01:46]} 6. Ngf3 {[%emt 0:00:05]} O-O {[%emt 0:00:09]} 7. O-O {[%emt 0:00:19]} Bf5 {[%emt 0:00:51]} 8. b3 {[%emt 0:00:35]} a5 {[%emt 0:00:07]} 9. a3 {[%emt 0:02:38]} Ne4 {[%emt 0:08:35]} 10. Bb2 {[%emt 0:00:45]} a4 {[%emt 0:05:05]} 11. b4 {[%emt 0:00:57]} Nd6 {[%emt 0:01:30]} 12. c5 {[%emt 0:03:28]} Nb5 {[%emt 0:03:30]} 13. Re1 {[%emt 0:00:19]} Nd7 {[%emt 0:07:15]} 14. h3 {[%emt 0:12:02]} b6 {[%emt 0:12:13]} 15. cxb6 {[%emt 0:16:05]} c5 {[%emt 0:11:12]} 16. g4 {[%emt 0:18:09]} Be4 {[%emt 0:08:49]} 17. Nxe4 {[%emt 0:19:28]} dxe4 {[%emt 0:00:29]} 18. Ne5 {[%emt 0:06:51]} Nxe5 {[%emt 0:24:27]} 19. dxe5 {[%emt 0:00:04]} Qxb6 {[%emt 0:02:13]} 20. bxc5 {[%emt 0:00:52]} Qxc5 {[%emt 0:00:37]} 21. Rc1 {[%emt 0:00:03]} Qa7 {[%emt 0:01:06]} 22. Bxe4 {[%emt 0:03:01]} Rad8 {[%emt 0:00:46]} 23. Qc2 {[%emt 0:00:02]} Nd4 {[%emt 0:06:41]} 24. Qc5 {[%emt 0:00:02]} Qxc5 {[%emt 0:00:34]} 25. Rxc5 {[%emt 0:00:04]} Nb3 {[%emt 0:00:50]} 26. Rc4 {[%emt 0:00:30]} Rd2 {[%emt 0:00:24]} 27. Bc3 {[%emt 0:00:06]} Ra2 {[%emt 0:00:27]} 28. f4 {[%emt 0:04:03]} Rxa3 {[%emt 0:01:00]} 29. Rd1 {[%emt 0:00:09]} Ra2 {[%emt 0:00:25]} 30. Kf2 {[%emt 0:00:06]} Rb8 {[%emt 0:01:11]} 31. Rc7 {[%emt 0:00:43]} a3 {[%emt 0:00:49]} 32. Bb1 {[%emt 0:01:06]} Rb2 {[%emt 0:00:24]} 33. Bxb2 {[%emt 0:00:04]} axb2 {[%emt 0:00:02]} 34. Rdd7 {[%emt 0:00:45]} Rb4 {[%emt 0:01:19]} 35. Rc8+ {[%emt 0:00:51]} Bf8 {[%emt 0:00:03]} 36. Rdd8 {[%emt 0:00:08]} Rxf4+ {[%emt 0:00:33]} 37. Ke3 {[%emt 0:00:34]} 1-0

[Event "XIV American Continental-ch 2019"]
[Site "Sao Paulo"]
[Date "2019.07.08"]
[Round "5.3"]
[White "Hambleton, Aman"]
[Black "Leitao, Rafael"]
[Result "1/2-1/2"]
[WhiteElo "2487"]
[BlackElo "2616"]
[Annotator "RC"]
[PlyCount "38"]
[EventDate "2019.07.05"]
[EventType "swiss"]
[EventCountry "BRA"]
[SourceTitle "playchess.com"]
[Source "ChessBase"]
[SourceQuality "1"]
[TimeControl "40/5400+30:1800+30"]

1. d4 {[%emt 0:01:16]} Nf6 {[%emt 0:01:48]} 2. Bf4 {[%emt 0:00:14]} e6 {[%emt 0:00:56]} 3. e3 {[%emt 0:00:10]} c5 {[%emt 0:00:36]} 4. Nf3 {[%emt 0:00:52]} cxd4 {[%emt 0:01:07]} 5. exd4 {[%emt 0:00:09]} b6 {[%emt 0:00:10]} 6. Nbd2 {[%emt 0:01:24]} Be7 {[%emt 0:00:40]} 7. Bd3 {[%emt 0:02:05]} Ba6 {[%emt 0:04:53]} 8. Nc4 {[%emt 0:11:28]} O-O {[%emt 0:03:16]} 9. c3 {[%emt 0:01:41]} d5 {[%emt 0:11:35]} 10. Nce5 {[%emt 0:01:17]} Bxd3 {[%emt 0:00:11]} 11. Nxd3 {[%emt 0:05:49]} Nc6 {[%emt 0:00:48]} 12. a4 {[%emt 0:02:58]} Rc8 {[%emt 0:02:58]} 13. O-O {[%emt 0:02:47]} Ne4 {[%emt 0:02:59]} 14. Re1 {[%emt 0:02:19]} Bd6 {[%emt 0:07:20]} 15. Bxd6 {[%emt 0:06:07]} Nxd6 {[%emt 0:04:29]} 16. Qe2 {[%emt 0:06:47]} Na5 {[%emt 0:07:42]} 17. Nfe5 {[%emt 0:07:38]} Nac4 {[%emt 0:01:08]} 18. Nxc4 {[%emt 0:06:57]} Nxc4 {[%emt 0:01:22]} 19. g3 {[%emt 0:00:19]} Re8 {[%emt 0:01:44]} 1/2-1/2

[Event "XIV American Continental-ch 2019"]
[Site "Sao Paulo"]
[Date "2019.07.08"]
[Round "5.4"]
[White "Supi, Luis Paulo"]
[Black "Hungaski, Robert"]
[Result "1-0"]
[WhiteElo "2562"]
[BlackElo "2488"]
[Annotator "ChessBase"]
[PlyCount "77"]
[EventDate "2019.07.05"]
[EventType "swiss"]
[EventCountry "BRA"]
[SourceTitle "playchess.com"]
[Source "ChessBase"]
[SourceQuality "1"]
[TimeControl "40/5400+30:1800+30"]

1. c4 {[%emt 0:01:06]} c5 {[%emt 0:01:25]} 2. g3 {[%emt 0:00:58]} Nc6 {[%emt 0:00:13]} 3. Bg2 {[%emt 0:00:22]} g6 {[%emt 0:00:06]} 4. Nc3 {[%emt 0:00:08]} Bg7 {[%emt 0:00:05]} 5. d3 {[%emt 0:03:53]} e6 {[%emt 0:02:02]} 6. Bf4 {[%emt 0:07:38]} d6 {[%emt 0:03:05]} 7. Nf3 {[%emt 0:04:49]} h6 {[%emt 0:01:50]} 8. a3 {[%emt 0:09:32]} Nge7 {[%emt 0:00:39]} 9. Rb1 {[%emt 0:00:48]} b6 {[%emt 0:06:53]} 10. Nb5 {[%emt 0:04:22]} e5 {[%emt 0:02:19]} 11. Bd2 {[%emt 0:00:17]} Be6 {[%emt 0:05:50]} 12. b4 {[%emt 0:03:56]} Rc8 {[%emt 0:04:54]} 13. bxc5 {[%emt 0:15:40]} dxc5 {[%emt 0:00:20]} 14. Qc1 {[%emt 0:01:28]} Qd7 {[%emt 0:02:35]} 15. O-O {[%emt 0:07:34]} Nf5 {[%emt 0:00:59]} 16. Nc3 {[%emt 0:00:41]} O-O {[%emt 0:09:20]} 17. e4 {[%emt 0:06:22]} Nfd4 {[%emt 0:16:07]} 18. Nxd4 {[%emt 0:01:56]} Qxd4 {[%emt 0:10:50]} 19. Be3 {[%emt 0:00:10]} Qd6 {[%emt 0:03:22]} 20. Bxh6 {[%emt 0:02:26]} Bxh6 {[%emt 0:00:22]} 21. Qxh6 {[%emt 0:00:04]} Qxd3 {[%emt 0:00:24]} 22. Nd5 {[%emt 0:02:58]} Bxd5 {[%emt 0:01:03]} 23. exd5 {[%emt 0:00:25]} Nd4 {[%emt 0:01:07]} 24. Rbe1 {[%emt 0:03:07]} Nf5 {[%emt 0:04:34]} 25. Qg5 {[%emt 0:02:21]} Nd6 {[%emt 0:03:08]} 26. Qf6 {[%emt 0:00:45]} Rcd8 {[%emt 0:02:21]} 27. h4 {[%emt 0:06:46]} Nxc4 {[%emt 0:03:00]} 28. Be4 {[%emt 0:02:00]} Qd4 {[%emt 0:01:37]} 29. h5 {[%emt 0:04:32]} Rd6 {[%emt 0:01:37]} 30. Qe7 {[%emt 0:01:50]} Rfd8 {[%emt 0:09:05]} 31. hxg6 {[%emt 0:00:51]} fxg6 {[%emt 0:00:14]} 32. Bxg6 {[%emt 0:02:15]} R8d7 {[%emt 0:00:04]} 33. Qe8+ {[%emt 0:00:39]} Kg7 {[%emt 0:00:04]} 34. Re4 {[%emt 0:00:26]} Qxd5 {[%emt 0:03:51]} 35. Rg4 {[%emt 0:00:15]} Qf3 {[%emt 0:01:17]} 36. Bh5+ {[%emt 0:00:54]} Kh6 {[%emt 0:00:38]} 37. Rg6+ {[%emt 0:00:54]} Kxh5 {[%emt 0:00:15]} 38. Rf6+ {[%emt 0:00:08]} Kg4 {[%emt 0:00:47]} 39. Qg6+ {[%emt 0:00:09]} 1-0

[Event "XIV American Continental-ch 2019"]
[Site "Sao Paulo"]
[Date "2019.07.08"]
[Round "5.5"]
[White "Perez Ponsa, Federico"]
[Black "Vazquez, Guillermo"]
[Result "1-0"]
[WhiteElo "2560"]
[BlackElo "2483"]
[Annotator "ChessBase"]
[PlyCount "71"]
[EventDate "2019.07.05"]
[EventType "swiss"]
[EventCountry "BRA"]
[SourceTitle "playchess.com"]
[Source "ChessBase"]
[SourceQuality "1"]
[TimeControl "40/5400+30:1800+30"]

1. e4 {[%emt 0:06:55]} c5 {[%emt 0:00:00]} 2. Nf3 {[%emt 0:00:09]} e6 {[%emt 0:00:16]} 3. d4 {[%emt 0:00:41]} cxd4 {[%emt 0:00:06]} 4. Nxd4 {[%emt 0:00:03]} Nc6 {[%emt 0:00:11]} 5. Nc3 {[%emt 0:00:24]} Qc7 {[%emt 0:00:18]} 6. Be3 {[%emt 0:01:09]} a6 {[%emt 0:00:12]} 7. Qf3 {[%emt 0:00:51]} Nf6 {[%emt 0:02:06]} 8. O-O-O {[%emt 0:00:32]} Ne5 {[%emt 0:00:30]} 9. Qg3 {[%emt 0:00:38]} b5 {[%emt 0:00:15]} 10. f4 {[%emt 0:02:26]} Neg4 {[%emt 0:00:15]} 11. Bg1 {[%emt 0:00:10]} h5 {[%emt 0:01:14]} 12. e5 {[%emt 0:02:43]} b4 {[%emt 0:00:15]} 13. Na4 {[%emt 0:00:15]} Nd5 {[%emt 0:00:49]} 14. h3 {[%emt 0:01:59]} Nh6 {[%emt 0:00:18]} 15. f5 {[%emt 0:00:56]} Bb7 {[%emt 0:08:58]} 16. Bd3 {[%emt 0:03:27]} Be7 {[%emt 0:04:17]} 17. Kb1 {[%emt 0:06:10]} h4 {[%emt 0:03:52]} 18. Qe1 {[%emt 0:02:53]} Rc8 {[%emt 0:02:43]} 19. g4 {[%emt 0:03:10]} Qa5 {[%emt 0:13:44]} 20. b3 {[%emt 0:03:04]} Nc3+ {[%emt 0:00:46]} 21. Nxc3 {[%emt 0:00:09]} bxc3 {[%emt 0:00:13]} 22. Be3 {[%emt 0:00:08]} Bxh1 {[%emt 0:02:08]} 23. Qxh1 {[%emt 0:01:00]} Qxe5 {[%emt 0:00:32]} 24. Re1 {[%emt 0:07:31]} O-O {[%emt 0:08:28]} 25. Nf3 {[%emt 0:04:41]} Qa5 {[%emt 0:06:27]} 26. f6 {[%emt 0:01:45]} Bc5 {[%emt 0:00:27]} 27. Bc1 {[%emt 0:07:07]} Ba3 {[%emt 0:06:50]} 28. Bxh6 {[%emt 0:10:16]} gxh6 {[%emt 0:00:17]} 29. Ne5 {[%emt 0:01:06]} Qd5 {[%emt 0:16:08]} 30. Qf1 {[%emt 0:02:30]} Qd4 {[%emt 0:02:14]} 31. Re4 {[%emt 0:05:08]} Qa7 {[%emt 0:01:36]} 32. g5 {[%emt 0:02:07]} d6 {[%emt 0:01:54]} 33. Qg2 {[%emt 0:05:37]} h5 {[%emt 0:02:13]} 34. g6 {[%emt 0:01:46]} fxg6 {[%emt 0:00:22]} 35. Qxg6+ {[%emt 0:00:14]} Kh8 {[%emt 0:00:12]} 36. Qxh5+ {[%emt 0:01:55]} 1-0